ARRUPE JESUIT UNIVERSITY

CORONAVIRUS -STOP THE SPREAD - CLEAN,DISINFECT,COVER

The relevance of the beautiful and other essays / (Record no. 126037)

MARC details
000 -LEADER
fixed length control field 01244pam a2200337 a 4500
001 - CONTROL NUMBER
control field 2878385
003 - CONTROL NUMBER IDENTIFIER
control field ARRUPE
005 - DATE AND TIME OF LATEST TRANSACTION
control field 20170209113156.0
008 - FIXED-LENGTH DATA ELEMENTS--GENERAL INFORMATION
fixed length control field 860508s1986 enk b 001 0 eng
010 ## - LIBRARY OF CONGRESS CONTROL NUMBER
LC control number 86012947
020 ## - INTERNATIONAL STANDARD BOOK NUMBER
International Standard Book Number 0521241782
020 ## - INTERNATIONAL STANDARD BOOK NUMBER
International Standard Book Number 0521339537 (pbk.)
040 ## - CATALOGING SOURCE
Original cataloging agency DLC
Transcribing agency DLC
Modifying agency DLC
041 1# - LANGUAGE CODE
Language code of text/sound track or separate title engger
050 00 - LIBRARY OF CONGRESS CALL NUMBER
Classification number B3248.G34
Item number G33 1986
082 00 - DEWEY DECIMAL CLASSIFICATION NUMBER
Classification number 111/.85
Edition number 19
300 ## - PHYSICAL DESCRIPTION
Dimensions 22 cm.
100 1# - MAIN ENTRY--PERSONAL NAME
Personal name Gadamer, Hans-Georg,
Dates associated with a name 1900-2002.
9 (RLIN) 28561
240 10 - UNIFORM TITLE
Uniform title <a href="Essays.">Essays.</a>
Form subheading Selections
Language of a work English
245 14 - TITLE STATEMENT
Title The relevance of the beautiful and other essays /
Statement of responsibility, etc Hans-Georg Gadamer ; translated by Nicholas Walker ; edited with an introduction by Robert Bernasconi.
260 ## - PUBLICATION, DISTRIBUTION, ETC. (IMPRINT)
Place of publication, distribution, etc Cambridge [Cambridgeshire] ;
-- New York :
Name of publisher, distributor, etc Cambridge University Press,
Date of publication, distribution, etc 1986.
300 ## - PHYSICAL DESCRIPTION
Extent xxiii, 191 p. ;
500 ## - GENERAL NOTE
General note Selection of essays previously untranslated from the German.
500 ## - GENERAL NOTE
General note Includes index.
504 ## - BIBLIOGRAPHY, ETC. NOTE
Bibliography, etc Bibliography: p. [171]-181.
650 #0 - SUBJECT ADDED ENTRY--TOPICAL TERM
Topical term or geographic name as entry element Aesthetics.
9 (RLIN) 28562
700 1# - ADDED ENTRY--PERSONAL NAME
Personal name Bernasconi, Robert.
9 (RLIN) 20218
Relator term ed.
710 ## - ADDED ENTRY--CORPORATE NAME
Corporate name or jurisdiction name as entry element Walker, Nicholas
Relator term tr.
9 (RLIN) 28719
856 41 - ELECTRONIC LOCATION AND ACCESS
Materials specified Table of contents
Uniform Resource Identifier <a href="http://www.loc.gov/catdir/toc/cam029/86012947.html">http://www.loc.gov/catdir/toc/cam029/86012947.html</a>
906 ## - LOCAL DATA ELEMENT F, LDF (RLIN)
a 7
b cbc
c orignew
d 1
e ocip
f 19
g y-gencatlg
942 ## - ADDED ENTRY ELEMENTS (KOHA)
Source of classification or shelving scheme Library of Congress Classification
Koha item type Monograph ( Printed materials)
Holdings
Withdrawn status Lost status Source of classification or shelving scheme Damaged status Not for loan Collection code Home library Current library Shelving location Date acquired Total Checkouts Full call number Barcode Date last seen Price effective from Koha item type
    Library of Congress Classification     Main Collection ARRUPE LIBRARY ARRUPE LIBRARY Main Collection 07/02/2017   B3248.G34 G33 1986 46500024010 09/05/2018 07/02/2017 Monograph ( Printed materials)

 

Arrupe Library. PO Box MP320 Mt Pleasant, Harare, Zimbabwe
263 242 745411|librarian@aju.ac.zw